| 000 | 00738cam a2200241 a 4500 | ||
|---|---|---|---|
| 001 | 2606006 | ||
| 005 | 20180306033017.0 | ||
| 008 | 970603s1997 nyu b 001 0 eng d | ||
| 010 | _a 97157271 | ||
| 020 | _a0517708655 | ||
| 035 | _a(OCoLC)36645959 | ||
| 040 |
_aPNX _cPNX _dBKL _dDLC |
||
| 041 | _aeng | ||
| 042 | _alccopycat | ||
| 080 | _a179.7 sco | ||
| 082 | 0 | 0 |
_a179.7 sco _221 |
| 100 | 1 | _a4 | |
| 101 | _ashm | ||
| 245 | 1 | 0 |
_aDenial of the soul : _cM. Scott Peck. |
| 906 |
_a7 _bcbc _ccopycat _du _encip _f19 _gy-gencatlg |
||
| 942 |
_2ddc _cBK |
||
| 999 |
_c44124 _d44124 |
||